Normal view MARC view
  • Seckbach, J.

Entry Personal Name

Number of records used in: 1

001 - CONTROL NUMBER

  • control field: 17265

003 - CONTROL NUMBER IDENTIFIER

  • control field: NUST

005 - DATE AND TIME OF LATEST TRANSACTION

  • control field: 20190710070613.0

008 - FIXED-LENGTH DATA ELEMENTS

  • fixed length control field: 190710|| aca||aabn | a|a d

040 ## - CATALOGING SOURCE

  • Original cataloging agency: NUST
  • Transcribing agency: NUST

100 ## - HEADING--PERSONAL NAME

  • Personal name: Seckbach, J.
  • Fuller form of name: (Joseph)

670 ## - SOURCE DATA FOUND

  • Source citation: Work cat.: (NUST)0: The new avenues in bioinformatics /, c2004.
© 2023 Central Library, National University of Sciences and Technology. All Rights Reserved.